000 01189cam a22002531i 4500
003 SA-RiAUC
005 20251031142303.0
008 251026s2005____su g 000 0bara c
040 _aSA-MaHRM
_bara
_cSA-RiAUC
_erda
082 0 4 _a239.7
_qSA-RiAUC
090 _a239.7
_bم ل ا
100 1 _aملاه، محمد بن عبد الرحيم
_eمؤلف.
245 1 0 _aمقتطفات من سيرة السيدة خديجة بنت خويلد رضي الله عنها :
_bالسيرة التي فاحت طهرا وعفة ووفاء وتضحية وأسوة ونورا وهدى وإيمانا /
_cمحمد عبد الرحيم ملاه.
264 1 _aمكة المكرمة :
_b[الناشر غير محدد]،
_c2005
300 _a24 صفحة ؛
_c20 سم
336 _aنص
_btxt
_2rdacontent
_3كتاب
337 _aبدون وسيط
_bn
_2rdamedia
338 _aمجلد
_bnc
_2rdacarrier
600 1 7 _aأم المؤمنين، خديجة بنت خويلد بن أسد،
_d68-3 قبل الهجرة
_2aucnm
650 7 _aزوجات النبي
_vتراجم
_2aucsh
650 7 _aأهل بيت الرسول
_vتراجم
_2aucsh
942 _2ddc
_cBOOK
_n0
949 _aSA-JeALM
_d251026
_umohamedma123
_n1
999 _c12900
_d12900